| 000 | 00518 a2200169 4500 | ||
|---|---|---|---|
| 020 | _a0387984887 | ||
| 020 | _a9780387984889 | ||
| 082 | 0 | 4 | _a511.5 |
| 090 |
_c211 _d211 |
||
| 100 | 1 | _aBollobas, Bela. | |
| 245 | 1 | 0 |
_aModern graph theory / _cBela Bollobas. |
| 250 | _aCorrected ed. | ||
| 260 |
_a[S.l.] : _bSpringer, _c1998. |
||
| 300 |
_a408 p. ; _c24 cm. |
||
| 942 |
_aSNS _cBK _k515.5 BOL |
||
| 999 |
_c28848 _d28848 |
||